000 00381 a2200169 4500
001 46199
020 _a9788508153932-3
040 _cAnchieta - Aquarius
100 _aKass, Mallory
240 1 0 _a=O livro negro da família Cahill
_lpor
245 1 0 _a=O livro negro da família Cahill
300 _a
362 0 _a2011
440 1 _aÁtica
650 4 _aRomance
942 _cBK
999 _c46199
_d46199